Catalog

Record Details

Catalog Search



Tři ruce ve fontáně  Cover Image Book Book

Tři ruce ve fontáně / Lindsey Davisová ; přeložila Alena Jindrová-Špilarová

Summary:

Marcus Didius Falco se po návratu z Hispánie, kde jeho družka Helena porodila dceru, zapojuje do řešení dalšího závažného případu. Mezi obyvateli Říma vyvolaly nepokoje hrůzné nálezy tří useknutých ženských rukou v akvaduktech a torz těl ve stoce a v řece. Císař Vespasianus zřídí zvláštní komisi pod vedením bývalého konzula, který požádá Falcona o spolupráci. Neúnavný informátor se s vydatnou pomocí svého přítele Petronia Longa i Heleny pouští do pátrání. Identifikace jedné z obětí i informace o složitém městském vodovodním systému jej přivedou do Kampánie, kde konečně narazí na stopu vraždícího maniaka. Během říjnových slavností na počest císaře Augusta se pokusí společně s hlídkami vigilů o jeho dopadení.
V deváté části cyklu detektivních románů ze starověkého Říma odhaluje informátor Falco identitu sériového vraha žen.

Record details

  • ISBN: 978-80-7381-493-9
  • Physical Description: 334 s. ; 21 cm
  • Edition: 2. vyd. v českém jazyce
  • Publisher: Praha : BB/art, 2009

Content descriptions

General Note:
Přeloženo z angličtiny
Subject: starověký Řím
Rome
Genre: anglické romány
historické romány
detektivní romány
English fiction
historical novels
detective novels

Available copies

  • 1 of 1 copy available at Common Catalog SPOK.

Holds

  • 0 current holds with 1 total copy.
Show Only Available Copies
Location Call Number / Copy Notes Barcode Shelving Location Status Due Date
Hospic Dobrého Pastýře DE
Tematické zaměření: Detektivky (TRI)

Tematická katagorie: Detektivky (DE)
2045957003641 Knihovna Available -

LDR 02782nam a2200553 a 4500
00124903
003CZ-PrJAB
00520220628131737.0
007ta
008090525s2009 xr g 000 f cze
015 . ‡acnb001857305
020 . ‡a978-80-7381-493-9 ‡q(váz.) ‡z978-80-7381-133-4
035 . ‡a(CZ PrSKC)nkc20091857305
035 . ‡a(OCoLC)403651171
040 . ‡aABA001 ‡bcze
0411 . ‡acze ‡heng
043 . ‡ae------ ‡aff----- ‡aaw-----
072 7. ‡a821.111-3 ‡xAnglická próza, anglicky psaná ‡2Konspekt ‡925
080 . ‡a821.111-31 ‡2MRF
080 . ‡a(37) ‡2MRF
080 . ‡a(0:82-311.6) ‡2MRF
080 . ‡a(0:82-312.4) ‡2MRF
1001 . ‡aDavis, Lindsey, ‡d1949- ‡7xx0002402 ‡4aut
24510. ‡aTři ruce ve fontáně / ‡cLindsey Davisová ; přeložila Alena Jindrová-Špilarová
250 . ‡a2. vyd. v českém jazyce
260 . ‡aPraha : ‡bBB/art, ‡c2009
300 . ‡a334 s. ; ‡c21 cm
500 . ‡aPřeloženo z angličtiny
520 . ‡aMarcus Didius Falco se po návratu z Hispánie, kde jeho družka Helena porodila dceru, zapojuje do řešení dalšího závažného případu. Mezi obyvateli Říma vyvolaly nepokoje hrůzné nálezy tří useknutých ženských rukou v akvaduktech a torz těl ve stoce a v řece. Císař Vespasianus zřídí zvláštní komisi pod vedením bývalého konzula, který požádá Falcona o spolupráci. Neúnavný informátor se s vydatnou pomocí svého přítele Petronia Longa i Heleny pouští do pátrání. Identifikace jedné z obětí i informace o složitém městském vodovodním systému jej přivedou do Kampánie, kde konečně narazí na stopu vraždícího maniaka. Během říjnových slavností na počest císaře Augusta se pokusí společně s hlídkami vigilů o jeho dopadení.
520 . ‡aV deváté části cyklu detektivních románů ze starověkého Říma odhaluje informátor Falco identitu sériového vraha žen.
651 7. ‡astarověký Řím ‡7ge131512 ‡2czenas
651 9. ‡aRome ‡2eczenas
655 7. ‡aanglické romány ‡7fd131814 ‡2czenas
655 7. ‡ahistorické romány ‡7fd132414 ‡2czenas
655 7. ‡adetektivní romány ‡7fd132010 ‡2czenas
655 9. ‡aEnglish fiction ‡2eczenas
655 9. ‡ahistorical novels ‡2eczenas
655 9. ‡adetective novels ‡2eczenas
7001 . ‡aJindrová, Alena, ‡d1929-2016 ‡7jk01051752 ‡4trl
7650 . ‡tThree hands in the fountain ‡9Česky
910 . ‡aBNE702
901 . ‡a24903 ‡b ‡c24903 ‡tbiblio

Additional Resources